[Event "DVM U10 2023"]
[Site "Magdeburg GER"]
[Date "2023.12.27"]
[Round "1"]
[White "Pflug, Johan"]
[Black "Sun, Christopher"]
[Result "0-1"]
[Termination "normal"]
[Board "7.1"]
[WhiteElo "980"]
[BlackElo "1417"]
[WhiteClock "00:17:24"]
[BlackClock "00:08:46"]
[WhiteTeam "Schachzwerge Magdeburg"]
[BlackTeam "Karlsruher SF 1853"]
[PlyCount "110"]
[BlackFideId "34630368"]
[EventCountry "GER"]
[EventRounds "7"]
[EventType "team-swiss"]
[EventDate "2023.12.27"]

1. e4 {[%clk 00:55:08]} {[%emt 00:00:01]} e6 {[%clk 00:55:07]} {[%emt
00:00:04]} 2. Nc3 {[%clk 00:55:04]} {[%emt 00:00:08]} d5 {[%clk 00:55:05]}
{[%emt 00:00:07]} 3. exd5 {[%clk 00:55:01]} {[%emt 00:00:08]} exd5 {[%clk
00:55:04]} {[%emt 00:00:06]} 4. d4 {[%clk 00:54:57]} {[%emt 00:00:09]} Nf6
{[%clk 00:54:25]} {[%emt 00:00:44]} 5. Nf3 {[%clk 00:54:13]} {[%emt 00:00:49]}
Bf5 {[%clk 00:53:46]} {[%emt 00:00:44]} 6. Bd3 {[%clk 00:53:55]} {[%emt
00:00:23]} Bxd3 {[%clk 00:53:38]} {[%emt 00:00:13]} 7. Qxd3 {[%clk 00:52:34]}
{[%emt 00:01:26]} Bd6 {[%clk 00:53:01]} {[%emt 00:00:43]} 8. Bg5 {[%clk
00:52:07]} {[%emt 00:00:31]} c6 {[%clk 00:52:27]} {[%emt 00:00:39]} 9. O-O
{[%clk 00:50:44]} {[%emt 00:01:28]} O-O {[%clk 00:52:13]} {[%emt 00:00:19]} 10.
Rfe1 {[%clk 00:49:35]} {[%emt 00:01:13]} Nbd7 {[%clk 00:51:39]} {[%emt
00:00:40]} 11. Ne5 {[%clk 00:48:31]} {[%emt 00:01:09]} Be7 {[%clk 00:50:18]}
{[%emt 00:01:25]} 12. Re2 {[%clk 00:47:25]} {[%emt 00:01:11]} h6 {[%clk
00:48:43]} {[%emt 00:01:40]} 13. Bh4 {[%clk 00:47:03]} {[%emt 00:00:28]} Nxe5
{[%clk 00:47:22]} {[%emt 00:01:26]} 14. dxe5 {[%clk 00:46:49]} {[%emt
00:00:18]} Nd7 {[%clk 00:47:11]} {[%emt 00:00:15]} 15. Bg3 {[%clk 00:46:10]}
{[%emt 00:00:46]} Nc5 {[%clk 00:46:12]} {[%emt 00:01:04]} 16. Qd2 {[%clk
00:45:39]} {[%emt 00:00:36]} Qd7 {[%clk 00:44:20]} {[%emt 00:01:57]} 17. b4
{[%clk 00:45:14]} {[%emt 00:00:30]} Ne6 {[%clk 00:43:29]} {[%emt 00:00:56]} 18.
Ne4 {[%clk 00:43:05]} {[%emt 00:02:14]} Rad8 {[%clk 00:41:32]} {[%emt
00:01:57]} 19. Nd6 {[%clk 00:42:04]} {[%emt 00:01:11]} Bxd6 {[%clk 00:40:27]}
{[%emt 00:01:10]} 20. exd6 {[%clk 00:42:00]} {[%emt 00:00:07]} Ng5 {[%clk
00:39:34]} {[%emt 00:00:57]} 21. Re7 {[%clk 00:38:12]} {[%emt 00:03:56]} Ne4
{[%clk 00:34:01]} {[%emt 00:05:38]} 22. Qf4 {[%clk 00:34:28]} {[%emt 00:03:49]}
Nxg3 {[%clk 00:32:31]} {[%emt 00:01:35]} 23. fxg3 {[%clk 00:33:37]} {[%emt
00:00:55]} Qxd6 {[%clk 00:30:53]} {[%emt 00:01:44]} 24. Qxd6 {[%clk 00:33:10]}
{[%emt 00:00:32]} Rxd6 {[%clk 00:30:43]} {[%emt 00:00:14]} 25. Rxb7 {[%clk
00:32:54]} {[%emt 00:00:22]} Ra8 {[%clk 00:30:08]} {[%emt 00:00:39]} 26. a4
{[%clk 00:32:32]} {[%emt 00:00:28]} Kf8 {[%clk 00:26:56]} {[%emt 00:03:17]} 27.
Kf2 {[%clk 00:31:36]} {[%emt 00:01:02]} Re6 {[%clk 00:25:08]} {[%emt 00:01:52]}
28. Re1 {[%clk 00:31:02]} {[%emt 00:00:38]} Rf6+ {[%clk 00:23:57]} {[%emt
00:01:17]} 29. Ke3 {[%clk 00:30:18]} {[%emt 00:00:49]} Re6+ {[%clk 00:23:50]}
{[%emt 00:00:12]} 30. Kd2 {[%clk 00:30:18]} {[%emt 00:00:06]} g5 {[%clk
00:22:09]} {[%emt 00:01:45]} 31. Rxe6 {[%clk 00:29:06]} {[%emt 00:01:17]} fxe6
{[%clk 00:22:07]} {[%emt 00:00:08]} 32. Kd3 {[%clk 00:29:08]} {[%emt 00:00:03]}
e5 {[%clk 00:21:11]} {[%emt 00:01:01]} 33. c3 {[%clk 00:28:07]} {[%emt
00:01:06]} e4+ {[%clk 00:20:25]} {[%emt 00:00:51]} 34. Ke3 {[%clk 00:27:58]}
{[%emt 00:00:13]} a5 {[%clk 00:19:29]} {[%emt 00:01:01]} 35. bxa5 {[%clk
00:27:04]} {[%emt 00:00:59]} Rxa5 {[%clk 00:19:10]} {[%emt 00:00:24]} 36. Rc7
{[%clk 00:26:12]} {[%emt 00:00:57]} Rc5 {[%clk 00:17:38]} {[%emt 00:01:37]} 37.
Kd4 {[%clk 00:20:43]} {[%emt 00:05:35]} Rc4+ {[%clk 00:16:42]} {[%emt
00:01:01]} 38. Ke3 {[%clk 00:20:39]} {[%emt 00:00:07]} Rxc3+ {[%clk 00:16:25]}
{[%emt 00:00:23]} 39. Kd4 {[%clk 00:20:36]} {[%emt 00:00:08]} Rd3+ {[%clk
00:13:24]} {[%emt 00:03:05]} 40. Ke5 {[%clk 00:20:08]} {[%emt 00:00:33]} e3
{[%clk 00:13:06]} {[%emt 00:00:24]} 41. Kf6 {[%clk 00:19:22]} {[%emt 00:00:50]}
Ke8 {[%clk 00:12:59]} {[%emt 00:00:13]} 42. Ke6 {[%clk 00:19:09]} {[%emt
00:00:18]} Kd8 {[%clk 00:12:53]} {[%emt 00:00:12]} 43. Re7 {[%clk 00:18:45]}
{[%emt 00:00:29]} Rd4 {[%clk 00:12:01]} {[%emt 00:00:55]} 44. Kf7 {[%clk
00:18:29]} {[%emt 00:00:18]} Re4 {[%clk 00:11:57]} {[%emt 00:00:13]} 45. Rxe4
{[%clk 00:18:26]} {[%emt 00:00:08]} dxe4 {[%clk 00:11:55]} {[%emt 00:00:06]}
46. a5 {[%clk 00:18:28]} {[%emt 00:00:04]} e2 {[%clk 00:11:28]} {[%emt
00:00:32]} 47. a6 {[%clk 00:18:03]} {[%emt 00:00:30]} e1=Q {[%clk 00:11:18]}
{[%emt 00:00:14]} 48. a7 {[%clk 00:18:03]} {[%emt 00:00:06]} Qf2+ {[%clk
00:11:03]} {[%emt 00:00:18]} 49. Kg6 {[%clk 00:17:58]} {[%emt 00:00:12]} Qxa7
{[%clk 00:11:02]} {[%emt 00:00:06]} 50. Kxh6 {[%clk 00:17:53]} {[%emt
00:00:09]} Qe7 {[%clk 00:10:36]} {[%emt 00:00:29]} 51. Kh5 {[%clk 00:17:41]}
{[%emt 00:00:19]} e3 {[%clk 00:10:02]} {[%emt 00:00:40]} 52. Kg4 {[%clk
00:17:35]} {[%emt 00:00:10]} Qe4+ {[%clk 00:09:30]} {[%emt 00:00:37]} 53. Kh3
{[%clk 00:17:31]} {[%emt 00:00:09]} e2 {[%clk 00:09:01]} {[%emt 00:00:36]} 54.
g4 {[%clk 00:17:27]} {[%emt 00:00:08]} Qf4 {[%clk 00:08:46]} {[%emt 00:00:18]}
55. g3 {[%clk 00:17:24]} {[%emt 00:00:10]} Qf1# {[%clk 00:08:46]} {[%emt
00:00:04]} 0-1

[Event "DVM U10 2023"]
[Site "Magdeburg GER"]
[Date "2023.12.27"]
[Round "1"]
[White "Liu, Kairui"]
[Black "Dornheim, Georg Wilhelm"]
[Result "1-0"]
[Termination "normal"]
[Board "7.2"]
[WhiteElo "1192"]
[BlackElo "1025"]
[WhiteClock "00:39:49"]
[BlackClock "00:38:41"]
[WhiteTeam "Karlsruher SF 1853"]
[BlackTeam "Schachzwerge Magdeburg"]
[PlyCount "43"]
[WhiteFideId "34660534"]
[BlackFideId "34645438"]
[EventCountry "GER"]
[EventRounds "7"]
[EventType "team-swiss"]
[EventDate "2023.12.27"]

1. e4 {[%clk 00:55:08]} c5 {[%clk 00:55:05]} {[%emt 00:00:06]} 2. Nf3 {[%clk
00:55:04]} {[%emt 00:00:09]} Nc6 {[%clk 00:55:03]} {[%emt 00:00:06]} 3. d4
{[%clk 00:55:00]} {[%emt 00:00:09]} cxd4 {[%clk 00:54:59]} {[%emt 00:00:09]} 4.
Nxd4 {[%clk 00:55:01]} {[%emt 00:00:05]} Nf6 {[%clk 00:54:31]} {[%emt
00:00:33]} 5. Nc3 {[%clk 00:54:51]} {[%emt 00:00:15]} e5 {[%clk 00:53:53]}
{[%emt 00:00:42]} 6. Nxc6 {[%clk 00:54:15]} {[%emt 00:00:41]} bxc6 {[%clk
00:53:49]} {[%emt 00:00:09]} 7. Bg5 {[%clk 00:53:36]} {[%emt 00:00:45]} Be7
{[%clk 00:52:48]} {[%emt 00:01:05]} 8. Bc4 {[%clk 00:51:42]} {[%emt 00:02:00]}
O-O {[%clk 00:51:54]} {[%emt 00:00:58]} 9. O-O {[%clk 00:50:26]} {[%emt
00:01:21]} d6 {[%clk 00:51:11]} {[%emt 00:00:47]} 10. Qf3 {[%clk 00:49:22]}
{[%emt 00:01:11]} Bg4 {[%clk 00:50:46]} {[%emt 00:00:30]} 11. Qg3 {[%clk
00:49:01]} {[%emt 00:00:25]} h5 {[%clk 00:47:28]} {[%emt 00:03:23]} 12. h3
{[%clk 00:47:34]} {[%emt 00:01:33]} Bd7 {[%clk 00:45:53]} {[%emt 00:01:39]} 13.
Bh6 {[%clk 00:46:58]} {[%emt 00:00:42]} g6 {[%clk 00:45:04]} {[%emt 00:00:53]}
14. Bxf8 {[%clk 00:46:47]} {[%emt 00:00:16]} Bxf8 {[%clk 00:44:51]} {[%emt
00:00:18]} 15. f4 {[%clk 00:46:00]} {[%emt 00:00:51]} Qb6+ {[%clk 00:44:14]}
{[%emt 00:00:43]} 16. Kh1 {[%clk 00:44:49]} {[%emt 00:01:18]} Qxb2 {[%clk
00:42:54]} {[%emt 00:01:24]} 17. fxe5 {[%clk 00:43:49]} {[%emt 00:01:05]} dxe5
{[%clk 00:41:40]} {[%emt 00:01:17]} 18. Qxe5 {[%clk 00:42:27]} {[%emt
00:01:29]} Ne8 {[%clk 00:40:50]} {[%emt 00:00:55]} 19. Bxf7+ {[%emt 00:01:21]}
Kh7 {[%clk 00:40:33]} {[%emt 00:00:20]} 20. Qg5 {[%clk 00:39:59]} {[%emt
00:01:19]} Ng7 {[%clk 00:38:50]} {[%emt 00:01:40]} 21. Qxg6+ {[%clk 00:39:49]}
{[%emt 00:00:23]} Kh8 {[%clk 00:38:41]} {[%emt 00:00:14]} 22. Qh6# {[%emt
00:00:12]} 1-0

[Event "DVM U10 2023"]
[Site "Magdeburg GER"]
[Date "2023.12.27"]
[Round "1"]
[White "Filimonovs, Timotheus"]
[Black "Tomovski, Leon"]
[Result "1-0"]
[Termination "normal"]
[Board "7.3"]
[WhiteElo "1060"]
[BlackElo "1066"]
[WhiteClock "00:27:47"]
[BlackClock "00:41:09"]
[WhiteTeam "Schachzwerge Magdeburg"]
[BlackTeam "Karlsruher SF 1853"]
[PlyCount "105"]
[WhiteFideId "34644547"]
[BlackFideId "34691790"]
[EventCountry "GER"]
[EventRounds "7"]
[EventType "team-swiss"]
[EventDate "2023.12.27"]

1. e4 {[%clk 00:55:07]} {[%emt 00:00:02]} e5 {[%clk 00:55:12]} {[%emt
00:00:03]} 2. Nf3 {[%clk 00:55:06]} {[%emt 00:00:06]} Nc6 {[%clk 00:55:13]}
{[%emt 00:00:05]} 3. Bc4 {[%clk 00:54:57]} {[%emt 00:00:14]} Nf6 {[%clk
00:55:10]} {[%emt 00:00:07]} 4. Nc3 {[%clk 00:54:57]} {[%emt 00:00:05]} Bc5
{[%clk 00:55:05]} {[%emt 00:00:09]} 5. O-O {[%clk 00:54:52]} {[%emt 00:00:10]}
d6 {[%clk 00:55:06]} {[%emt 00:00:05]} 6. Ng5 {[%clk 00:53:58]} {[%emt
00:00:59]} O-O {[%clk 00:54:52]} {[%emt 00:00:19]} 7. Nxf7 {[%clk 00:52:43]}
{[%emt 00:01:20]} Rxf7 {[%clk 00:54:50]} {[%emt 00:00:07]} 8. Bxf7+ {[%clk
00:52:39]} {[%emt 00:00:08]} Kxf7 {[%clk 00:54:48]} {[%emt 00:00:07]} 9. d3
{[%clk 00:51:30]} {[%emt 00:01:15]} Bg4 {[%clk 00:54:46]} {[%emt 00:00:07]} 10.
Qe1 {[%clk 00:50:52]} {[%emt 00:00:41]} Qe7 {[%clk 00:54:34]} {[%emt 00:00:20]}
11. Bg5 {[%clk 00:49:35]} {[%emt 00:01:22]} h6 {[%clk 00:54:18]} {[%emt
00:00:08]} 12. Nd5 {[%clk 00:49:18]} {[%emt 00:00:35]} Qd7 {[%clk 00:53:47]}
{[%emt 00:00:36]} 13. Bxf6 {[%clk 00:47:15]} {[%emt 00:02:07]} gxf6 {[%clk
00:53:45]} {[%emt 00:00:07]} 14. a3 {[%clk 00:45:17]} {[%emt 00:02:02]} Rg8
{[%clk 00:53:20]} {[%emt 00:00:11]} 15. g3 {[%clk 00:44:45]} {[%emt 00:00:57]}
Bh3 {[%clk 00:53:10]} {[%emt 00:00:15]} 16. b4 {[%clk 00:43:52]} {[%emt
00:00:58]} Bb6 {[%clk 00:52:29]} {[%emt 00:00:46]} 17. b5 {[%clk 00:43:00]}
{[%emt 00:00:57]} Nd4 {[%clk 00:52:17]} {[%emt 00:00:17]} 18. Qe3 {[%clk
00:41:22]} {[%emt 00:01:41]} Bxf1 {[%clk 00:52:06]} {[%emt 00:00:18]} 19. Rxf1
{[%clk 00:41:14]} {[%emt 00:00:13]} Nxc2 {[%clk 00:52:03]} {[%emt 00:00:09]}
20. Qxh6 {[%clk 00:41:06]} {[%emt 00:00:12]} Rg6 {[%clk 00:51:13]} {[%emt
00:00:55]} 21. Qh7+ {[%clk 00:40:31]} {[%emt 00:00:39]} Rg7 {[%clk 00:51:08]}
{[%emt 00:00:11]} 22. Qh5+ {[%clk 00:40:11]} {[%emt 00:00:23]} Kf8 {[%clk
00:50:16]} {[%emt 00:00:58]} 23. Qh8+ {[%clk 00:39:32]} {[%emt 00:00:42]} Rg8
{[%clk 00:50:15]} {[%emt 00:00:09]} 24. Qxf6+ {[%clk 00:38:49]} {[%emt
00:00:47]} Qf7 {[%clk 00:49:47]} {[%emt 00:00:33]} 25. Qh6+ {[%clk 00:38:04]}
{[%emt 00:00:48]} Qg7 {[%clk 00:49:36]} {[%emt 00:00:17]} 26. Qh4 {[%clk
00:36:29]} {[%emt 00:01:38]} Qg5 {[%clk 00:48:52]} {[%emt 00:00:52]} 27. Qh3
{[%clk 00:35:57]} {[%emt 00:00:33]} Kf7 {[%clk 00:48:38]} {[%emt 00:00:24]} 28.
Qd7+ {[%clk 00:35:22]} {[%emt 00:00:34]} Kg6 {[%clk 00:48:30]} {[%emt
00:00:19]} 29. Ne7+ {[%clk 00:34:52]} {[%emt 00:00:34]} Kg7 {[%clk 00:48:15]}
{[%emt 00:00:17]} 30. Nxg8+ {[%clk 00:34:17]} {[%emt 00:00:44]} Kxg8 {[%clk
00:48:09]} {[%emt 00:00:12]} 31. h4 {[%clk 00:32:20]} {[%emt 00:02:01]} Qg6
{[%clk 00:47:47]} {[%emt 00:00:26]} 32. Qd8+ {[%clk 00:31:47]} {[%emt
00:00:39]} Kh7 {[%emt 00:00:24]} 33. Qe7+ {[%emt 00:00:53]} Kh6 {[%clk
00:46:21]} {[%emt 00:00:12]} 34. Qf8+ {[%clk 00:31:40]} {[%emt 00:00:13]} Qg7
{[%clk 00:46:05]} {[%emt 00:00:21]} 35. Qxg7+ {[%clk 00:31:23]} {[%emt
00:00:23]} Kxg7 {[%emt 00:00:16]} 36. a4 {[%emt 00:00:19]} c6 {[%clk 00:45:09]}
{[%emt 00:00:27]} 37. bxc6 {[%clk 00:30:53]} {[%emt 00:00:34]} bxc6 {[%clk
00:45:02]} {[%emt 00:00:12]} 38. Rc1 {[%clk 00:30:37]} {[%emt 00:00:20]} Nd4
{[%clk 00:44:59]} {[%emt 00:00:08]} 39. Kg2 {[%clk 00:30:25]} {[%emt 00:00:17]}
c5 {[%clk 00:44:49]} {[%emt 00:00:15]} 40. g4 {[%clk 00:30:20]} {[%emt
00:00:10]} Ne2 {[%clk 00:44:36]} {[%emt 00:00:19]} 41. Rb1 {[%clk 00:29:37]}
{[%emt 00:00:47]} Nc3 {[%clk 00:44:25]} {[%emt 00:00:16]} 42. Rh1 {[%clk
00:29:27]} {[%emt 00:00:15]} Nxa4 {[%clk 00:44:10]} {[%emt 00:00:21]} 43. g5
{[%clk 00:29:20]} {[%emt 00:00:12]} Nc3 {[%clk 00:44:10]} {[%emt 00:00:05]} 44.
h5 {[%clk 00:28:56]} {[%emt 00:00:28]} a5 {[%clk 00:44:01]} {[%emt 00:00:15]}
45. h6+ {[%clk 00:28:54]} {[%emt 00:00:08]} Kg8 {[%clk 00:43:46]} {[%emt
00:00:19]} 46. h7+ {[%clk 00:28:50]} {[%emt 00:00:09]} Kh8 {[%clk 00:43:27]}
{[%emt 00:00:24]} 47. g6 {[%clk 00:28:46]} {[%emt 00:00:10]} a4 {[%clk
00:42:12]} {[%emt 00:01:19]} 48. g7+ {[%clk 00:28:44]} {[%emt 00:00:07]} Kxg7
{[%clk 00:42:09]} {[%emt 00:00:08]} 49. h8=Q+ {[%emt 00:00:13]} Kg6 {[%emt
00:00:08]} 50. Rh6+ {[%clk 00:28:12]} {[%emt 00:00:16]} Kf7 {[%clk 00:41:40]}
{[%emt 00:00:34]} 51. Qh7+ {[%clk 00:28:06]} {[%emt 00:00:10]} Ke8 {[%clk
00:41:12]} {[%emt 00:00:30]} 52. Rg6 {[%clk 00:27:53]} {[%emt 00:00:22]} Kd8
{[%clk 00:41:09]} {[%emt 00:00:08]} 53. Rg8# {[%clk 00:27:47]} {[%emt
00:00:10]} *

[Event "DVM U10 2023"]
[Site "Magdeburg GER"]
[Date "2023.12.27"]
[Round "1"]
[White "Liu, Eason"]
[Black "Heidepriem, Jamie"]
[Result "0-1"]
[Termination "normal"]
[Board "7.4"]
[WhiteElo "952"]
[BlackElo "990"]
[WhiteClock "00:35:53"]
[BlackClock "00:41:33"]
[WhiteTeam "Karlsruher SF 1853"]
[BlackTeam "Schachzwerge Magdeburg"]
[PlyCount "88"]
[WhiteFideId "34694250"]
[EventCountry "GER"]
[EventRounds "7"]
[EventType "team-swiss"]
[EventDate "2023.12.27"]

1. e4 {[%clk 00:55:09]} {[%emt 00:45:05]} e5 {[%clk 00:55:04]} {[%emt
00:00:06]} 2. Nf3 {[%clk 00:55:10]} {[%emt 00:00:04]} Nc6 {[%clk 00:54:46]}
{[%emt 00:00:23]} 3. Nc3 {[%clk 00:54:59]} {[%emt 00:00:16]} Bc5 {[%clk
00:54:38]} {[%emt 00:00:13]} 4. d3 {[%clk 00:54:34]} {[%emt 00:00:29]} Nf6
{[%clk 00:54:33]} {[%emt 00:00:10]} 5. Be3 {[%clk 00:54:19]} {[%emt 00:00:21]}
Bb6 {[%clk 00:54:23]} {[%emt 00:00:14]} 6. d4 {[%clk 00:54:04]} {[%emt
00:00:20]} exd4 {[%clk 00:54:04]} {[%emt 00:00:23]} 7. Nxd4 {[%clk 00:54:02]}
{[%emt 00:00:09]} d6 {[%clk 00:53:48]} {[%emt 00:00:21]} 8. Bb5 {[%clk
00:53:07]} {[%emt 00:01:00]} Bd7 {[%clk 00:53:36]} {[%emt 00:00:16]} 9. Nd5
{[%clk 00:52:50]} {[%emt 00:00:22]} O-O {[%clk 00:53:01]} {[%emt 00:00:40]} 10.
Bg5 {[%clk 00:52:41]} {[%emt 00:00:15]} Bxd4 {[%clk 00:52:46]} {[%emt
00:00:19]} 11. Bxc6 {[%clk 00:52:01]} {[%emt 00:00:45]} bxc6 {[%clk 00:52:33]}
{[%emt 00:00:19]} 12. Nb4 {[%clk 00:51:17]} {[%emt 00:00:49]} c5 {[%clk
00:52:20]} {[%emt 00:00:18]} 13. Nd5 {[%clk 00:50:47]} {[%emt 00:00:36]} Be6
{[%clk 00:52:02]} {[%emt 00:00:22]} 14. b4 {[%clk 00:50:27]} {[%emt 00:00:25]}
Bxd5 {[%clk 00:51:54]} {[%emt 00:00:12]} 15. exd5 {[%clk 00:50:04]} {[%emt
00:00:30]} Bxa1 {[%clk 00:51:46]} {[%emt 00:00:12]} 16. Qxa1 {[%clk 00:49:47]}
{[%emt 00:00:21]} Qe7+ {[%clk 00:51:38]} {[%emt 00:00:12]} 17. Be3 {[%clk
00:49:44]} {[%emt 00:00:09]} cxb4 {[%clk 00:51:14]} {[%emt 00:00:30]} 18. O-O
{[%clk 00:48:57]} {[%emt 00:00:50]} Rfe8 {[%clk 00:51:04]} {[%emt 00:00:16]}
19. Re1 {[%clk 00:48:44]} {[%emt 00:00:19]} Qd7 {[%clk 00:50:45]} {[%emt
00:00:23]} 20. Rd1 {[%clk 00:48:25]} {[%emt 00:00:25]} Qf5 {[%clk 00:49:39]}
{[%emt 00:01:09]} 21. h4 {[%clk 00:47:48]} {[%emt 00:00:44]} Ng4 {[%clk
00:49:19]} {[%emt 00:00:24]} 22. Bd4 {[%clk 00:46:51]} {[%emt 00:01:01]} f6
{[%clk 00:48:42]} {[%emt 00:00:44]} 23. f3 {[%clk 00:46:33]} {[%emt 00:00:22]}
Ne3 {[%clk 00:48:28]} {[%emt 00:00:19]} 24. Qc1 {[%clk 00:45:29]} {[%emt
00:01:09]} Nxd1 {[%clk 00:46:49]} {[%emt 00:01:43]} 25. Qxd1 {[%clk 00:44:52]}
{[%emt 00:00:43]} Qf4 {[%clk 00:45:50]} {[%emt 00:01:04]} 26. Bf2 {[%clk
00:44:04]} {[%emt 00:00:54]} Qc4 {[%clk 00:45:04]} {[%emt 00:00:51]} 27. g3
{[%clk 00:43:49]} {[%emt 00:00:20]} Re5 {[%clk 00:44:53]} {[%emt 00:00:14]} 28.
Bd4 {[%clk 00:43:25]} {[%emt 00:00:31]} Rxd5 {[%clk 00:44:42]} {[%emt
00:00:16]} 29. h5 {[%clk 00:41:54]} {[%emt 00:01:35]} h6 {[%clk 00:44:29]}
{[%emt 00:00:19]} 30. g4 {[%clk 00:40:54]} {[%emt 00:01:06]} Rxd4 {[%clk
00:44:24]} {[%emt 00:00:09]} 31. Qe1 {[%clk 00:40:41]} {[%emt 00:00:17]} Qxc2
{[%clk 00:44:08]} {[%emt 00:00:20]} 32. Qe6+ {[%clk 00:39:41]} {[%emt
00:01:08]} Kh8 {[%clk 00:43:49]} {[%emt 00:00:57]} 33. Qe1 {[%clk 00:39:18]}
{[%emt 00:00:29]} Rd1 {[%clk 00:43:46]} {[%emt 00:00:07]} 34. Qxd1 {[%clk
00:38:34]} {[%emt 00:00:50]} Qxd1+ {[%clk 00:43:42]} {[%emt 00:00:09]} 35. Kg2
{[%clk 00:38:24]} {[%emt 00:00:14]} Re8 {[%clk 00:43:38]} {[%emt 00:00:09]} 36.
Kg3 {[%clk 00:38:27]} {[%emt 00:00:02]} Qg1+ {[%clk 00:43:24]} {[%emt
00:00:18]} 37. Kf4 {[%clk 00:38:04]} {[%emt 00:00:30]} Qh2+ {[%clk 00:43:19]}
{[%emt 00:00:09]} 38. Kf5 {[%clk 00:37:56]} {[%emt 00:00:13]} Qe5+ {[%clk
00:43:08]} {[%emt 00:00:16]} 39. Kg6 {[%clk 00:37:47]} {[%emt 00:00:14]} Qg5+
{[%emt 00:00:22]} 40. Kf7 {[%clk 00:37:36]} {[%emt 00:00:09]} Re3 {[%clk
00:42:55]} {[%emt 00:00:13]} 41. f4 {[%clk 00:37:03]} {[%emt 00:00:39]} Qd5+
{[%clk 00:42:48]} {[%emt 00:00:11]} 42. Kg6 {[%clk 00:37:00]} {[%emt 00:00:08]}
Kg8 {[%clk 00:42:15]} {[%emt 00:00:38]} 43. f5 {[%clk 00:36:51]} {[%emt
00:00:14]} Qg2 {[%clk 00:41:50]} {[%emt 00:00:30]} 44. g5 {[%clk 00:35:53]}
{[%emt 00:01:03]} Qxg5# {[%clk 00:41:33]} {[%emt 00:00:08]} 0-1

[Event "DVM U10 2023"]
[Site "Magdeburg GER"]
[Date "2023.12.27"]
[Round "1"]
[White "Sauer, Ben"]
[Black "Moskalenko, Michael"]
[Result "0-1"]
[Termination "normal"]
[Board "8.1"]
[WhiteElo "1429"]
[BlackElo "1294"]
[WhiteClock "00:14:00"]
[BlackClock "00:12:17"]
[WhiteTeam "Schachzentrum Bemerode"]
[BlackTeam "Elmshorner SC 1896"]
[PlyCount "48"]
[WhiteFideId "34606866"]
[BlackFideId "34608877"]
[EventCountry "GER"]
[EventRounds "7"]
[EventType "team-swiss"]
[EventDate "2023.12.27"]

1. e4 {[%clk 00:55:07]} {[%emt 00:00:02]} c5 {[%clk 00:55:03]} {[%emt
00:00:08]} 2. Nf3 {[%clk 00:55:07]} {[%emt 00:00:05]} e6 {[%clk 00:55:01]}
{[%emt 00:00:07]} 3. d4 {[%clk 00:54:54]} {[%emt 00:00:18]} cxd4 {[%clk
00:54:59]} {[%emt 00:00:07]} 4. Nxd4 {[%clk 00:54:57]} {[%emt 00:00:02]} a6
{[%clk 00:54:56]} {[%emt 00:00:08]} 5. Nc3 {[%clk 00:54:19]} {[%emt 00:00:43]}
Qc7 {[%clk 00:54:56]} {[%emt 00:00:05]} 6. Be3 {[%clk 00:53:10]} {[%emt
00:01:14]} Nf6 {[%clk 00:54:01]} {[%emt 00:01:01]} 7. f3 {[%clk 00:51:57]}
{[%emt 00:01:17]} Nc6 {[%clk 00:52:16]} {[%emt 00:01:50]} 8. Be2 {[%clk
00:49:45]} {[%emt 00:02:17]} Be7 {[%clk 00:50:38]} {[%emt 00:01:44]} 9. O-O
{[%clk 00:48:47]} {[%emt 00:01:02]} O-O {[%clk 00:50:16]} {[%emt 00:00:28]} 10.
Kh1 {[%clk 00:44:33]} {[%emt 00:04:18]} b5 {[%clk 00:47:53]} {[%emt 00:02:28]}
11. Qe1 {[%clk 00:43:28]} {[%emt 00:01:09]} Bb7 {[%clk 00:44:56]} {[%emt
00:03:04]} 12. Nd1 {[%clk 00:40:07]} {[%emt 00:03:26]} d5 {[%clk 00:36:38]}
{[%emt 00:08:23]} 13. exd5 {[%clk 00:38:14]} {[%emt 00:01:57]} Nxd5 {[%clk
00:36:00]} {[%emt 00:00:43]} 14. Nxc6 {[%clk 00:37:37]} {[%emt 00:00:43]} Qxc6
{[%clk 00:32:51]} {[%emt 00:03:13]} 15. Bd3 {[%clk 00:36:02]} {[%emt 00:01:39]}
f5 {[%clk 00:26:16]} {[%emt 00:06:41]} 16. Bf2 {[%clk 00:34:25]} {[%emt
00:01:42]} Rf6 {[%clk 00:24:51]} {[%emt 00:01:30]} 17. Ne3 {[%clk 00:33:07]}
{[%emt 00:01:23]} Rh6 {[%clk 00:21:36]} {[%emt 00:03:21]} 18. Nxd5 {[%clk
00:31:54]} {[%emt 00:01:17]} Qxd5 {[%clk 00:20:26]} {[%emt 00:01:15]} 19. Be2
{[%clk 00:29:30]} {[%emt 00:02:29]} Qe5 {[%clk 00:16:36]} {[%emt 00:03:55]} 20.
Bg1 {[%clk 00:26:58]} {[%emt 00:02:36]} Bd6 {[%clk 00:15:56]} {[%emt 00:00:45]}
21. f4 {[%clk 00:26:02]} {[%emt 00:01:02]} Qe4 {[%clk 00:14:20]} {[%emt
00:01:41]} 22. Bf3 {[%clk 00:23:11]} {[%emt 00:02:54]} Qxf4 {[%clk 00:13:37]}
{[%emt 00:00:51]} 23. h3 {[%clk 00:14:15]} {[%emt 00:09:00]} Rxh3+ {[%clk
00:12:17]} {[%emt 00:01:25]} 24. gxh3 {[%clk 00:14:00]} {[%emt 00:00:19]} Qxf3+
{[%clk 00:12:17]} {[%emt 00:00:06]} 0-1